[Event "Tournoi Skype 028A"]
[Site "Skype"]
[Date "????.??.??"]
[Round "6.28"]
[White "Mitrani, Alberto"]
[Black "Mulrooney, Justin"]
[Result "1-0"]
[WhiteElo "1482"]
[BlackElo "1626"]
[PlyCount "65"]

1. Nf3 Nc6 2. c4 Nf6 3. g3 e6 4. Bg2 Bc5 5. O-O O-O 6. Nc3 d5 7. d3 dxc4 8.
dxc4 Qe7 9. a3 Rd8 10. Qc2 e5 11. Ne4 Bf5 12. Nxf6+ Qxf6 13. e4 Bg6 14. Bg5 Qe6
15. Bxd8 Rxd8 16. Rad1 Nd4 17. Nxd4 Bxd4 18. c5 Bh5 19. Rd3 b6 20. b4 bxc5 21.
bxc5 Rb8 22. Rb1 Rc8 23. Rb7 Qf6 24. Rxa7 h6 25. Rb3 Bd1 26. Qxd1 Qxf2+ 27. Kh1
Bxc5 28. Rab7 Kh7 29. Rf3 Qa2 30. Qd7 Rf8 31. Rxc7 Rb8 32. Qf5+ Kh8 33. Rxc5
1-0

[Event "Tournoi Skype 028A"]
[Site "Skype"]
[Date "????.??.??"]
[Round "6.29"]
[White "Pasasin, Alejandro"]
[Black "Khetre, Gaurav"]
[Result "1/2-1/2"]
[WhiteElo "1329"]
[BlackElo "1540"]
[PlyCount "85"]

1. e4 e6 2. d3 d5 3. Nd2 c5 4. Ngf3 Nc6 5. c3 Nf6 6. g3 dxe4 7. dxe4 Bd6 8. Bg2
O-O 9. O-O e5 10. Re1 Qc7 11. Nf1 Rd8 12. Qe2 Be6 13. Bg5 Be7 14. Bxf6 Bxf6 15.
h4 h6 16. a3 Rd7 17. Kh2 Rad8 18. Ne3 g6 19. Rad1 Rxd1 20. Rxd1 Rxd1 21. Qxd1
Ne7 22. c4 Qb6 23. Nd5 Bxd5 24. cxd5 Qxb2 25. d6 Nc6 26. d7 Nd4 27. Nxd4 cxd4
28. Qa4 a6 29. d8=Q+ Bxd8 30. Qe8+ Kg7 31. Qxd8 Qxa3 32. Qc7 d3 33. Qxe5+ Kg8
34. Qb8+ Kh7 35. Qxb7 d2 36. Bf3 Qxf3 37. h5 Qxh5+ 38. Kg2 d1=Q 39. Qxf7+ Kh8
40. Qf8+ Kh7 41. Qf7+ Kh8 42. Qf8+ Kh7 43. Qf7+ 1/2-1/2

[Event "Tournoi Skype 028A"]
[Site "Skype"]
[Date "????.??.??"]
[Round "6.30"]
[White "L'Herbon De Lussats, Jean"]
[Black "Casey, Eamonn"]
[Result "0-1"]
[WhiteElo "1272"]
[BlackElo "1538"]
[PlyCount "152"]

1. d4 Nf6 2. c4 e6 3. g3 d5 4. Bf4 Nbd7 5. Bg2 c6 6. Nf3 Bb4+ 7. Nbd2 Ne4 8. a3
Nxd2 9. Bxd2 Bxd2+ 10. Nxd2 Nf6 11. O-O O-O 12. c5 Re8 13. Nf3 a5 14. Ne5 Nd7
15. f4 f6 16. Ng4 e5 17. e4 exd4 18. Qxd4 dxe4 19. Qc4+ Kh8 20. Bxe4 Nxc5 21.
Nf2 Nxe4 22. Nxe4 Qb6+ 23. Rf2 Be6 24. Qc5 Qxc5 25. Nxc5 b6 26. Nb7 Bd5 27. Rd1
Re6 28. f5 Re7 29. Nd6 Rd8 30. Nc4 Rb8 31. Nd2 b5 32. Nf1 Rbe8 33. h4 h6 34. g4
Re4 35. Nh2 Re3 36. Nf1 Rh3 37. Rf4 Rxh4 38. Kf2 Re4 39. Rxe4 Bxe4 40. Rd8+ Kh7
41. Kg3 Rh1 42. Ne3 Rb1 43. Kf4 Bd5 44. b4 axb4 45. Nxd5 cxd5 46. axb4 Rxb4+
47. Kf3 d4 48. Rd5 Rb3+ 49. Ke4 d3 50. Rxd3 Rxd3 51. Kxd3 g6 52. Kc3 gxf5 53.
gxf5 h5 54. Kb4 h4 55. Kxb5 h3 56. Kc5 h2 57. Kd5 h1=Q+ 58. Ke6 Kg7 59. Ke7
Qe4+ 60. Kd6 Qe5+ 61. Kd7 Qxf5+ 62. Kd8 Qd5+ 63. Ke7 Qf7+ 64. Kd6 Kf8 65. Kc5
Ke7 66. Kd4 Kd6 67. Ke4 Qe6+ 68. Kf4 Kd5 69. Kg3 Ke4 70. Kh4 Kf4 71. Kh5 Qg4+
72. Kh6 Qg5+ 73. Kh7 Kf5 74. Kh8 Ke6 75. Kh7 Kf7 76. Kh8 Qg8# 0-1

[Event "Tournoi Skype 028A"]
[Site "Skype"]
[Date "????.??.??"]
[Round "6.31"]
[White "Zequeda, Javier"]
[Black "Galani, Mahendra"]
[Result "1-0"]
[WhiteElo "1183"]
[BlackElo "1526"]
[PlyCount "105"]

1. e4 e5 2. Nf3 Nc6 3. Bc4 h6 4. O-O Qf6 5. Nc3 Bd6 6. Nd5 Qg6 7. d3 Nce7 8.
Nh4 Qh7 9. Nc3 c6 10. d4 Ng6 11. Nf5 Bc7 12. dxe5 Nxe5 13. Bb3 d6 14. Nxd6+
Bxd6 15. Qxd6 Nd7 16. Bf4 Ngf6 17. e5 Nh5 18. e6 fxe6 19. Qxe6+ Kd8 20. Rae1
Nxf4 21. Qe7+ Kc7 22. Ne4 Ng6 23. Qd6+ Kd8 24. Nc5 Ngf8 25. Re7 Qg6 26. Be6 Qf6
27. Nxb7+ Bxb7 28. Rxd7+ Ke8 29. Bf7+ Qxf7 30. Rxf7 Kxf7 31. Qc7+ Kg6 32. Qxb7
Re8 33. Qxc6+ Kf7 34. Rd1 h5 35. Qc4+ Re6 36. Qc7+ Re7 37. Qf4+ Ke8 38. g3 Rh6
39. Qb8+ Kf7 40. Rd8 Ne6 41. Rd5 Nc7 42. Rf5+ Kg6 43. Qf8 Re1+ 44. Kg2 Ne6 45.
Qf7+ Kh7 46. Rxh5 Nd4 47. Rxh6+ Kxh6 48. Qf4+ g5 49. Qxd4 Re6 50. c4 Kh5 51. c5
g4 52. Qd5+ Kg6 53. Qxe6+ 1-0

[Event "Tournoi Skype 028A"]
[Site "Skype"]
[Date "????.??.??"]
[Round "6.32"]
[White "Leyton Calderon, Jairo Oswaldo"]
[Black "Abate, Leonardo"]
[Result "1/2-1/2"]
[WhiteElo "1526"]
[BlackElo "1342"]
[PlyCount "66"]

1. Nf3 Nf6 2. b3 Nc6 3. Bb2 e6 4. c4 Be7 5. e3 O-O 6. Be2 Re8 7. O-O d5 8. d4
b6 9. Nc3 Bb7 10. Rc1 Bf8 11. a3 Ne7 12. Qc2 c5 13. dxc5 bxc5 14. cxd5 exd5 15.
Rfd1 Rc8 16. Qd3 a6 17. Ne5 Qc7 18. Na4 Nc6 19. Nxc6 Qxc6 20. Bf3 Rcd8 21. Bd4
c4 22. bxc4 Qxa4 23. cxd5 Bxd5 24. Bxd5 Rxd5 25. Rc4 Qxa3 26. Qc2 Qd6 27. Rc6
Qd7 28. Rxa6 Rc8 29. Qa2 Bc5 30. Rc1 Bxd4 31. Rxc8+ Qxc8 32. Ra8 Rd8 33. Rxc8
Rxc8 1/2-1/2

[Event "Tournoi Skype 028A"]
[Site "Skype"]
[Date "????.??.??"]
[Round "6.35"]
[White "Khunte, Aniruddha"]
[Black "Davis, Michael"]
[Result "1-0"]
[WhiteElo "1174"]
[BlackElo "1530"]
[PlyCount "45"]

1. e4 c5 2. Nf3 d6 3. d4 cxd4 4. Nxd4 Nf6 5. Nc3 a6 6. Bg5 e6 7. Qd2 Be7 8. Be2
Nc6 9. f4 Bd7 10. O-O-O Qc7 11. Nxc6 Bxc6 12. Bf3 h6 13. Bxf6 Bxf6 14. Qxd6 Qa5
15. e5 Bxf3 16. exf6 Qd8 17. Qxd8+ Rxd8 18. Rxd8+ Kxd8 19. fxg7 Rg8 20. gxf3
Rxg7 21. Ne4 f5 22. Nc5 Re7 23. Re1 1-0

[Event "Tournoi Skype 028A"]
[Site "Skype"]
[Date "????.??.??"]
[Round "6.36"]
[White "Sauvaget, Joel"]
[Black "Vilas Boas, Crisolon Terto"]
[Result "0-1"]
[WhiteElo "1290"]
[BlackElo "1488"]
[PlyCount "77"]

1. d4 d5 2. c4 Nf6 3. e3 Bf5 4. Nc3 c6 5. Nf3 Na6 6. a3 e6 7. Be2 Nc7 8. O-O
Be7 9. h3 O-O 10. cxd5 exd5 11. Bd3 Bxd3 12. Qxd3 Nce8 13. b4 b5 14. Bb2 Nd6
15. Ne5 Qc7 16. Ne2 Nc4 17. Nxc4 bxc4 18. Qd1 a5 19. bxa5 Rxa5 20. a4 Rb8 21.
Bc3 Raa8 22. Ng3 Rb3 23. Ne2 Ne4 24. Qc2 Nxc3 25. Nxc3 Qa5 26. Ne2 Rab8 27.
Rfb1 Rxb1+ 28. Rxb1 Rxb1+ 29. Qxb1 Qxa4 30. Nc3 Qa3 31. Ne2 Bb4 32. Nc1 g6 33.
Na2 c5 34. Nxb4 cxb4 35. e4 b3 36. exd5 b2 37. d6 Qa1 38. Qxa1 bxa1=Q+ 39. Kh2
0-1

[Event "Tournoi Skype 028A"]
[Site "Skype"]
[Date "????.??.??"]
[Round "6.37"]
[White "Engstrom, Olle"]
[Black "Morelli, Daniel"]
[Result "1-0"]
[WhiteElo "1463"]
[BlackElo "1370"]
[PlyCount "71"]

1. e4 e5 2. Nf3 Nc6 3. Bc4 Nd4 4. Bxf7+ Kxf7 5. Nxe5+ Ke8 6. Qh5+ g6 7. Nxg6
hxg6 8. Qxg6+ Ke7 9. Qg5+ Ke8 10. Qe5+ Ne6 11. Qxh8 Nf6 12. Nc3 d6 13. d3 Nd4
14. Bg5 Nxc2+ 15. Kd1 Nxa1 16. Bxf6 Qd7 17. Kd2 Nb3+ 18. axb3 Qf7 19. h4 Be6
20. Bd4 Bxb3 21. Rh3 Qg8 22. Qxg8 Bxg8 23. h5 Bh6+ 24. Be3 Bxe3+ 25. Kxe3 a5
26. f4 c6 27. g4 b5 28. g5 a4 29. g6 a3 30. bxa3 Rxa3 31. h6 Kf8 32. f5 Rxc3
33. f6 b4 34. h7 Bxh7 35. Rxh7 c5 36. Rh8# 1-0

[Event "Tournoi Skype 028A"]
[Site "Skype"]
[Date "????.??.??"]
[Round "6.38"]
[White "Ortiz, Vladimir"]
[Black "Chavero, Victor"]
[Result "1/2-1/2"]
[WhiteElo "1419"]
[BlackElo "1283"]
[PlyCount "138"]

1. e4 d5 2. exd5 Qxd5 3. Nc3 Qd6 4. Nf3 Nf6 5. d4 Bg4 6. Be2 c6 7. h3 Bxf3 8.
Bxf3 h6 9. g3 e5 10. dxe5 Qxe5+ 11. Be2 Be7 12. Bf4 Qa5 13. O-O O-O 14. Bd3 Bc5
15. Re1 Rd8 16. a3 Bd4 17. Bd2 Nbd7 18. Ne2 Qd5 19. Nxd4 Qxd4 20. Bc3 Qd5 21.
Bf1 Rac8 22. Bg2 Qb5 23. Qe2 Qxe2 24. Rxe2 Nc5 25. Bxf6 gxf6 26. Rae1 Ne6 27.
c3 f5 28. f4 Kg7 29. Bf3 Kf6 30. Kf2 Rd6 31. b4 Rd7 32. Re5 Re8 33. Rd1 Rde7
34. a4 Ng7 35. Rxe7 Rxe7 36. a5 Ne6 37. Rd6 c5 38. bxc5 Rc7 39. c6 b6 40. axb6
axb6 41. Rd7 Rxd7 42. cxd7 Ke7 43. Bc6 Nc5 44. Ke3 Nxd7 45. Bxd7 Kxd7 46. Kd4
Kd6 47. h4 h5 48. c4 f6 49. Kc3 Kc5 50. Kb3 b5 51. cxb5 Kxb5 52. Kc3 Kc5 53.
Kd3 Kd5 54. Ke3 Ke6 55. Kd2 Kd6 56. Kc3 Kc5 57. Kd3 Kd5 58. Ke3 Ke6 59. Kf2 Kf7
60. Ke2 Ke6 61. Ke3 Kd6 62. Kd4 Ke6 63. Kc5 Ke7 64. Kc6 Ke6 65. Kc5 Ke7 66. Kd5
Kd7 67. Kc4 Kc6 68. Kd4 Kd6 69. Ke3 Ke6 1/2-1/2

[Event "Tournoi Skype 028A"]
[Site "Skype"]
[Date "????.??.??"]
[Round "6.39"]
[White "Mantelli, Luca"]
[Black "Carballo, Jorge"]
[Result "0-1"]
[WhiteElo "1370"]
[BlackElo "1367"]
[PlyCount "99"]

1. e4 e5 2. Nf3 Nc6 3. Bc4 Be7 4. d4 exd4 5. O-O Nf6 6. e5 Ng4 7. Bf4 d5 8.
exd6 Bxd6 9. Re1+ Be7 10. c3 O-O 11. cxd4 Bd6 12. Bg5 Be7 13. Qd2 Bxg5 14. Qxg5
Qxg5 15. Nxg5 Nxd4 16. Bd3 Bf5 17. Bxf5 Nxf5 18. Nc3 h6 19. Nf3 Nf6 20. Rad1
Nd6 21. Re7 Rac8 22. Nd5 Nxd5 23. Rxd5 Rfe8 24. Rde5 Kf8 25. Rxe8+ Rxe8 26. Re1
Rxe1+ 27. Nxe1 Ke7 28. Kf1 Ke6 29. Nf3 Nb5 30. Ke2 c5 31. Kd3 Kd5 32. b3 Nd6
33. Nd2 b5 34. a3 a5 35. Kc3 Ne4+ 36. Nxe4 Kxe4 37. g3 f5 38. f4 g5 39. fxg5
hxg5 40. Kc2 f4 41. gxf4 gxf4 42. Kd2 f3 43. Ke1 Ke3 44. Kf1 c4 45. bxc4 bxc4
46. h4 Kf4 47. h5 Kg5 48. h6 Kxh6 49. Kf2 c3 50. Kxf3 0-1

[Event "Tournoi Skype 028A"]
[Site "Skype"]
[Date "????.??.??"]
[Round "6.40"]
[White "Pouteau, Pascal"]
[Black "Gharbi, Said"]
[Result "1-0"]
[WhiteElo "1345"]
[BlackElo "1456"]
[PlyCount "47"]

1. Nf3 d5 2. d4 c6 3. Bf4 Nd7 4. e3 Ngf6 5. Bd3 e6 6. Nbd2 Be7 7. O-O O-O 8.
Ne5 Nxe5 9. dxe5 Nd7 10. Qh5 g6 11. Qe2 Bg5 12. Nf3 Bxf4 13. exf4 f6 14. Rae1
fxe5 15. fxe5 Nc5 16. Rd1 Na4 17. c3 Nc5 18. Bc2 Rf4 19. Qe3 Rc4 20. b3 Nxb3
21. axb3 d4 22. Nxd4 Rc5 23. Nxe6 Qe7 24. Nxc5 1-0

[Event "Tournoi Skype 028A"]
[Site "Skype"]
[Date "????.??.??"]
[Round "6.41"]
[White "Aceituno, Stebe"]
[Black "Le Brun, Yves"]
[Result "1-0"]
[WhiteElo "1400"]
[BlackElo "1338"]
[PlyCount "87"]

1. e4 c6 2. d4 d5 3. exd5 cxd5 4. Bd3 Nf6 5. Nf3 Bg4 6. O-O e6 7. c3 Qd7 8. h3
Bxf3 9. Qxf3 a6 10. Bg5 Be7 11. Nd2 Nc6 12. Bf4 O-O 13. Rfe1 Ne8 14. Nf1 Nd6
15. Ng3 Nc4 16. Qh5 g6 17. Qe2 b5 18. b3 Nb6 19. Bh6 Rfe8 20. Qf3 Bf8 21. Bxf8
Rxf8 22. Qf6 Qe7 23. Qf4 Nd7 24. c4 Nb4 25. Be2 Nc2 26. Rac1 Nxe1 27. Rxe1 Qb4
28. Qc1 dxc4 29. a3 Qxb3 30. Ne4 c3 31. Qxc3 Qxc3 32. Nxc3 Rfc8 33. Ne4 Rc6 34.
Bf3 Rac8 35. Re3 Kg7 36. Kh2 a5 37. Rb3 Nb6 38. Rxb5 a4 39. Nc5 Rd6 40. Rb4 Kf6
41. g4 e5 42. Ne4+ Ke6 43. Nxd6 Kxd6 44. Rxb6+ 1-0

[Event "Tournoi Skype 028A"]
[Site "Skype"]
[Date "????.??.??"]
[Round "7.1"]
[White "Sanchez Ruiz, Justo"]
[Black "Figueroa, Tomas"]
[Result "0-1"]
[WhiteElo "1547"]
[BlackElo "2093"]
[PlyCount "72"]

1. e4 e6 2. d4 d5 3. e5 c5 4. c3 Qb6 5. Nf3 Nc6 6. a3 a5 7. Bd3 Bd7 8. O-O Nge7
9. dxc5 Qc7 10. Re1 Ng6 11. Qe2 Bxc5 12. Nbd2 Nf4 13. Qf1 Nxd3 14. Qxd3 Qb6 15.
Re2 a4 16. c4 Ne7 17. b4 axb3 18. Nxb3 dxc4 19. Qxc4 Bb5 20. Qxc5 Qxc5 21. Nxc5
Bxe2 22. Nxb7 Bxf3 23. Nd6+ Kd7 24. gxf3 f6 25. Bf4 Ra4 26. Bg3 Rha8 27. exf6
gxf6 28. Nb5 R8a5 29. Rb1 Nd5 30. Nd6 e5 31. Nf5 Ke6 32. Ng7+ Kf7 33. Rb7+ Ne7
34. Nf5 Ra7 35. Nd6+ Ke6 36. Rb6 Nd5 0-1

[Event "Tournoi Skype 028A"]
[Site "Skype"]
[Date "????.??.??"]
[Round "7.2"]
[White "Zendeboodi, Fariba"]
[Black "Sanchez Ruiz, Piedad Esmeralda"]
[Result "1/2-1/2"]
[WhiteElo "1468"]
[BlackElo "1721"]
[PlyCount "102"]

1. d4 d5 2. c4 e6 3. Nc3 Nf6 4. Nf3 c5 5. dxc5 Bxc5 6. cxd5 exd5 7. e3 O-O 8.
Bd3 Nc6 9. a3 Bg4 10. h3 Bh5 11. Be2 Re8 12. O-O a6 13. b4 Ba7 14. Bb2 Rc8 15.
Rc1 Qd6 16. Nd4 Bxe2 17. Ncxe2 Nxd4 18. Nxd4 Bb8 19. Nf3 Rcd8 20. Qd3 Ne4 21.
Qd4 f6 22. Rfd1 Re7 23. Qd3 Red7 24. Bd4 Qe6 25. Nd2 Nxd2 26. Rxd2 Be5 27. Rdc2
Bxd4 28. Qxd4 Qe5 29. Rd1 Qxd4 30. Rxd4 Kf7 31. Kf1 Ke6 32. Ke2 f5 33. Rc5 Re8
34. Kd3 Red8 35. a4 Rd6 36. b5 axb5 37. Rxb5 R8d7 38. a5 Ra6 39. Rdb4 Ke7 40.
Kd4 g6 41. Ra4 Ke6 42. h4 Rad6 43. Ra3 Ra6 44. Rc3 Ke7 45. Rcc5 Ke6 46. Rxd5
Rxd5+ 47. Rxd5 b6 48. Re5+ Kd6 49. Rd5+ Ke6 50. Re5+ Kd6 51. Rd5+ Ke6 1/2-1/2

[Event "Tournoi Skype 028A"]
[Site "Skype"]
[Date "????.??.??"]
[Round "7.3"]
[White "Benson, Paul"]
[Black "Montalvo, Mario"]
[Result "1/2-1/2"]
[WhiteElo "1839"]
[BlackElo "1811"]
[PlyCount "32"]

1. e4 d6 2. d4 Nf6 3. Nc3 g6 4. g3 Bg7 5. Bg2 O-O 6. Nge2 e5 7. O-O exd4 8.
Nxd4 Nc6 9. Nde2 Rb8 10. h3 Bd7 11. g4 h6 12. Ng3 b5 13. g5 hxg5 14. Bxg5 Qc8
15. h4 Bh3 16. Rb1 Qg4 1/2-1/2

[Event "Tournoi Skype 028A"]
[Site "Skype"]
[Date "????.??.??"]
[Round "7.4"]
[White "Deville, Olivier"]
[Black "Lopez, Jose Luis"]
[Result "1-0"]
[WhiteElo "1823"]
[BlackElo "1757"]
[PlyCount "39"]

1. d4 Nf6 2. c4 g6 3. Nc3 Bg7 4. e4 d6 5. Nf3 O-O 6. Be2 e5 7. Be3 exd4 8. Nxd4
Re8 9. f3 c6 10. Qd2 d5 11. exd5 cxd5 12. c5 Nc6 13. O-O Rxe3 14. Qxe3 Ng4 15.
Nxc6 bxc6 16. fxg4 d4 17. Qf3 dxc3 18. Qxf7+ Kh8 19. bxc3 Qa5 20. Qe8+ 1-0

[Event "Tournoi Skype 028A"]
[Site "Skype"]
[Date "????.??.??"]
[Round "7.5"]
[White "Trivedi, Viral"]
[Black "Rico Hernandez, Edgar"]
[Result "1/2-1/2"]
[WhiteElo "1230"]
[BlackElo "1772"]
[PlyCount "69"]

1. d4 d5 2. Bf4 Nf6 3. e3 c5 4. c3 Nc6 5. Nf3 Qb6 6. Qb3 c4 7. Qc2 Bf5 8. Qc1
h6 9. Nbd2 Rc8 10. Be2 e6 11. O-O Be7 12. Bd1 O-O 13. Bc2 Bxc2 14. Qxc2 Rfd8
15. Rfe1 Nh5 16. Be5 Nxe5 17. Nxe5 Bd6 18. f4 Qc7 19. e4 Nxf4 20. Ndf3 b5 21.
exd5 Nxd5 22. Rac1 Qb6 23. Qe2 Bb8 24. g3 a5 25. Rf1 Rf8 26. Nd7 Qa7 27. Nxf8
Rxf8 28. Ne5 Nf6 29. Nc6 Qc7 30. Nxb8 Qxb8 31. Rce1 Qb7 32. Qf3 Qb6 33. Re5 Nd5
34. Rxd5 exd5 35. Qxd5 1/2-1/2

[Event "Tournoi Skype 028A"]
[Site "Skype"]
[Date "????.??.??"]
[Round "7.6"]
[White "Mayor Martinez, Juan Jose"]
[Black "Altinok, Selim"]
[Result "1-0"]
[WhiteElo "1768"]
[BlackElo "1536"]
[PlyCount "147"]

1. d4 Nf6 2. c4 g6 3. Nc3 Bg7 4. Nf3 O-O 5. e4 d6 6. Be2 e5 7. d5 Nbd7 8. h3
Nc5 9. Qc2 a5 10. O-O Ne8 11. Be3 f5 12. Bxc5 dxc5 13. Bd3 Nd6 14. Rfe1 f4 15.
Nb5 g5 16. Nh2 h5 17. Be2 g4 18. hxg4 hxg4 19. Bxg4 Bxg4 20. Nxg4 Qh4 21. f3
Nxb5 22. cxb5 b6 23. Rad1 Rad8 24. Qf2 Qg5 25. Qc2 Rf7 26. a4 Bf8 27. Kf1 Rh7
28. Ke2 Rh4 29. Kd3 Rd7 30. Rh1 Rdh7 31. Rxh4 Rxh4 32. Qc4 Bd6 33. Qc2 Kf7 34.
Kc4 Ke7 35. Qe2 Rh8 36. Rg1 Qh4 37. Qf1 Rh5 38. Nf2 Qh3 39. Ng4 Qh4 40. Nf2 Qg3
41. Rh1 Rxh1 42. Nxh1 Qh2 43. Nf2 Qh4 44. Qg1 Kf7 45. Ng4 Kg6 46. b3 Kg5 47.
Kd3 Kg6 48. Ke2 Qh5 49. Qh2 Qxh2 50. Nxh2 Bf8 51. Kf2 Bg7 52. g3 Kg5 53. Kg2
Bh8 54. Nf1 Bg7 55. Nd2 fxg3 56. Kxg3 Bf8 57. Nc4 Be7 58. Nxe5 Bf6 59. Nd3 Bd4
60. f4+ Kg6 61. Kg4 Kf6 62. e5+ Ke7 63. Kf5 Kf7 64. Ke4 Ke7 65. f5 Kf7 66. f6
Bc3 67. Kf5 Bd4 68. e6+ Ke8 69. Ne5 Bxe5 70. Kxe5 Kf8 71. d6 cxd6+ 72. Kxd6 c4
73. bxc4 Ke8 74. Kc6 1-0

[Event "Tournoi Skype 028A"]
[Site "Skype"]
[Date "????.??.??"]
[Round "7.7"]
[White "Hahnewald, Uwe"]
[Black "Teles, Jeferson Lisboa"]
[Result "1-0"]
[WhiteElo "1823"]
[BlackElo "1599"]
[PlyCount "73"]

1. d4 Nf6 2. c4 e6 3. g3 d5 4. Bg2 c6 5. Nf3 Bb4+ 6. Bd2 Bxd2+ 7. Nbxd2 O-O 8.
O-O Nbd7 9. Qc2 Re8 10. cxd5 exd5 11. e3 Ne4 12. Nxe4 dxe4 13. Nd2 f5 14. b4
Nf6 15. Rab1 a6 16. a4 Bd7 17. Nc4 Qc7 18. Rfd1 b5 19. Ne5 Rac8 20. a5 Nd5 21.
Qc5 Re6 22. Re1 Be8 23. f3 Nf6 24. Qc2 g6 25. fxe4 Nxe4 26. Bxe4 fxe4 27. Qxe4
Qe7 28. Qg2 Bf7 29. Rf1 Rf6 30. Rxf6 Qxf6 31. Rf1 Qg5 32. Nxf7 Qxe3+ 33. Qf2
Qb3 34. Nh6+ Kg7 35. Qf7+ Qxf7 36. Nxf7 Rf8 37. Ne5 1-0

[Event "Tournoi Skype 028A"]
[Site "Skype"]
[Date "????.??.??"]
[Round "7.8"]
[White "Couto, Januario"]
[Black "Ibarra Cantu, Raul Alberto"]
[Result "0-1"]
[WhiteElo "1387"]
[BlackElo "1967"]
[PlyCount "36"]

1. e4 c5 2. c3 Nf6 3. Bd3 d6 4. Bc2 Nc6 5. Nf3 Bg4 6. O-O Ne5 7. Ba4+ Nfd7 8.
Bxd7+ Nxd7 9. h3 Bh5 10. d4 e6 11. Bg5 Be7 12. Bxe7 Qxe7 13. Nbd2 g5 14. g4 Bg6
15. Qa4 h5 16. e5 hxg4 17. hxg4 f5 18. exf6 Qh7 0-1

[Event "Tournoi Skype 028A"]
[Site "Skype"]
[Date "????.??.??"]
[Round "7.9"]
[White "Hilton, Stephen"]
[Black "Rapaire, Jean-Michel"]
[Result "0-1"]
[WhiteElo "1865"]
[BlackElo "1742"]
[PlyCount "38"]

1. e4 c5 2. Nf3 d6 3. d4 cxd4 4. Nxd4 Nc6 5. Nc3 g6 6. Be3 Bg7 7. Qd2 Nf6 8. f3
h5 9. O-O-O Bd7 10. Bb5 a6 11. Ba4 Na5 12. Bxd7+ Nxd7 13. Qe2 Rc8 14. f4 Nc4
15. Bf2 Bh6 16. Qf3 Nde5 17. Qg3 Ng4 18. h3 Nxf2 19. Qxf2 Qb6 0-1

[Event "Tournoi Skype 028A"]
[Site "Skype"]
[Date "????.??.??"]
[Round "7.10"]
[White "Elias, Roberto"]
[Black "Dal, Ibrahim"]
[Result "1/2-1/2"]
[WhiteElo "1782"]
[BlackElo "1626"]
[PlyCount "52"]

1. c4 Nf6 2. Nc3 e6 3. e4 d5 4. e5 Ne4 5. Nxe4 dxe4 6. Qg4 Nc6 7. Qxe4 Qd4 8.
Qxd4 Nxd4 9. Bd3 Bc5 10. Rb1 a5 11. Nh3 O-O 12. Ng5 Nc6 13. Nf3 Rd8 14. Be4 Nd4
15. O-O Ra6 16. b3 c6 17. Nxd4 Bxd4 18. Bb2 b5 19. d3 Bxb2 20. Rxb2 b4 21. Rd1
c5 22. Rbd2 Rd4 23. g3 Bd7 24. Kf1 a4 25. Ke2 axb3 26. axb3 Kf8 1/2-1/2

[Event "Tournoi Skype 028A"]
[Site "Skype"]
[Date "????.??.??"]
[Round "7.11"]
[White "Grosso, Raul"]
[Black "Aranzubia, Desiderio"]
[Result "1-0"]
[WhiteElo "1746"]
[BlackElo "1548"]
[PlyCount "46"]

1. Nf3 Nf6 2. g3 b6 3. Bg2 Bb7 4. O-O e6 5. c4 d6 6. Nc3 c5 7. e3 Nbd7 8. d4 d5
9. Ne5 Ne4 10. Nxe4 dxe4 11. Qa4 Qc7 12. Rd1 cxd4 13. Nxd7 Bc6 14. Qb3 Qxd7 15.
Rxd4 Qb7 16. Qc2 f5 17. b3 g6 18. Bb2 Bg7 19. Rd6 Bxb2 20. Qxb2 Kf7 21. Rad1
Rae8 22. b4 a6 23. Qe5 Re7 1-0

[Event "Tournoi Skype 028A"]
[Site "Skype"]
[Date "????.??.??"]
[Round "7.12"]
[White "Karia, Vijay"]
[Black "Calcino, Luis"]
[Result "0-1"]
[WhiteElo "1482"]
[BlackElo "1706"]
[PlyCount "152"]

1. e4 g6 2. Nc3 Bg7 3. f4 a6 4. Nf3 d6 5. g3 Nd7 6. Bg2 e6 7. d4 c5 8. Be3 Ne7
9. O-O O-O 10. Nh4 cxd4 11. Bxd4 Bxd4+ 12. Qxd4 Qb6 13. Qxb6 Nxb6 14. Rad1 Rd8
15. e5 d5 16. b3 Nc6 17. a4 Bd7 18. Nf3 Rac8 19. Ne2 Rc7 20. Ned4 Nc8 21. Rf2
N8a7 22. Bf1 Rdc8 23. g4 Ne7 24. h3 Kg7 25. Kg2 Rh8 26. h4 Rhc8 27. Kh3 Nac6
28. Kg3 Nb4 29. Rdd2 Na2 30. Bd3 Nc1 31. Bf1 Nc6 32. Rh2 Nxd4 33. Nxd4 Rc3+ 34.
Kf2 Na2 35. Be2 Nb4 36. Bd1 b5 37. axb5 Bxb5 38. h5 Bd7 39. hxg6 hxg6 40. Kf1
a5 41. Rh4 Rh8 42. Rxh8 Kxh8 43. Rh2+ Kg7 44. Nf3 Kf8 45. Ke2 Ke7 46. Kd2 Rc7
47. Ng5 Be8 48. Rh7 Kd8 49. Rh3 a4 50. Rh8 a3 51. Kc1 Nd3+ 52. Kb1 Nxf4 53. Ka2
Ra7 54. c4 dxc4 55. bxc4 Nd3 56. Rh7 Nb4+ 57. Ka1 Re7 58. Bb3 Nc6 59. Nf3 Rd7
60. Rh8 Rd3 61. Ba4 Kc7 62. Ng5 Bd7 63. Nxf7 Nb4 64. Rh7 Bxa4 65. Nd6+ Kc6 66.
Rh1 Rd2 67. Ne4 Rb2 68. Rc1 Nc2+ 69. Rxc2 Bxc2 70. Ng5 Rb1+ 71. Ka2 Rg1 72.
Kxa3 Rxg4 73. Nxe6 Rxc4 74. Nd8+ Kd7 75. Nb7 Rc7 76. Nd6 Ke6 0-1

[Event "Tournoi Skype 028A"]
[Site "Skype"]
[Date "????.??.??"]
[Round "7.13"]
[White "Lucena Vaz, Jose"]
[Black "Rodriguez Gonzalez, Jaime Rafael"]
[Result "0-1"]
[WhiteElo "1674"]
[BlackElo "1473"]
[PlyCount "70"]

1. d4 e6 2. c4 Nc6 3. Nf3 Nf6 4. Bg5 h6 5. Bh4 Be7 6. e3 d5 7. Nc3 O-O 8. Bd3
Nb4 9. Be2 dxc4 10. Bxc4 Nbd5 11. Qc2 c6 12. O-O Nxc3 13. bxc3 c5 14. Rfd1 Qc7
15. Bg3 Bd6 16. Ne5 b6 17. h3 Bb7 18. Bh4 cxd4 19. cxd4 Rfc8 20. Rac1 b5 21.
Bd3 Qxc2 22. Rxc2 Rxc2 23. Bxc2 Rc8 24. Bd3 Nd5 25. Bf1 Nc3 26. Re1 Bxe5 27.
dxe5 g5 28. Bg3 b4 29. Ra1 Bd5 30. Bd3 Bxa2 31. Ba6 Rc7 32. f3 b3 33. Bd3 Rd7
34. Bc2 bxc2 35. Rc1 Rd1+ 0-1

[Event "Tournoi Skype 028A"]
[Site "Skype"]
[Date "????.??.??"]
[Round "7.14"]
[White "Quintero Gemio, Antonio Joaquin"]
[Black "Meza, Rafael"]
[Result "0-1"]
[WhiteElo "1673"]
[BlackElo "1251"]
[PlyCount "52"]

1. d4 Nf6 2. c4 e6 3. Nc3 Bb4 4. Nf3 c5 5. dxc5 O-O 6. Bg5 Na6 7. Rc1 Nxc5 8.
a3 Bxc3+ 9. bxc3 Qa5 10. Bxf6 gxf6 11. e3 Qxa3 12. Be2 e5 13. O-O a5 14. Nh4
Qa4 15. Qe1 d6 16. f4 Be6 17. fxe5 fxe5 18. Nf5 Bxf5 19. Rxf5 Qe8 20. Qh4 Qd8
21. Qh3 f6 22. Rcf1 a4 23. R1f3 Rf7 24. Rxf6 Rxf6 25. Rxf6 Qxf6 26. Bf3 e4 0-1

[Event "Tournoi Skype 028A"]
[Site "Skype"]
[Date "????.??.??"]
[Round "7.15"]
[White "Yeter, Orhan"]
[Black "Garcia Diaz, Jose"]
[Result "1-0"]
[WhiteElo "1245"]
[BlackElo "1513"]
[PlyCount "151"]

1. e4 c5 2. d4 cxd4 3. c3 e6 4. cxd4 d6 5. Nf3 Nd7 6. Bc4 Ngf6 7. Nc3 Be7 8.
O-O O-O 9. h3 Nxe4 10. Nxe4 d5 11. Bd3 dxe4 12. Bxe4 Nf6 13. Bc2 g6 14. b3 Nd5
15. Bb2 Bf6 16. Ne5 Bd7 17. Nxd7 Qxd7 18. Qf3 Bg7 19. Rad1 Rad8 20. Rd2 Qc7 21.
Bb1 Rd7 22. Rfd1 Rfd8 23. h4 Ne7 24. h5 Qb6 25. hxg6 hxg6 26. Qg4 e5 27. d5
Rxd5 28. Rxd5 Rxd5 29. Rxd5 Nxd5 30. Qc8+ Kh7 31. Be4 Qc6 32. Qxc6 bxc6 33. Kf1
f5 34. Bc2 e4 35. Bc1 a5 36. a4 Bc3 37. Ke2 Bb4 38. g4 Kg7 39. gxf5 gxf5 40. f3
exf3+ 41. Kxf3 Kf6 42. Bd3 Bc3 43. Ba6 Nb4 44. Bb7 c5 45. Bf4 Nc2 46. Bd5 Nd4+
47. Ke3 Ne6 48. Bd6 Bb4 49. Kd3 Nd4 50. Bg8 Ne6 51. Kc4 f4 52. Bxe6 Kxe6 53.
Bxf4 Kd7 54. Kd5 Kc8 55. Kc6 Ba3 56. Bc7 Bb4 57. Bb6 Kb8 58. Kb5 Kb7 59. Bxc5
Bd2 60. Bb6 Ka8 61. Bxa5 Bf4 62. Bb6 Bd6 63. a5 Bb8 64. a6 Bd6 65. Bc5 Be5 66.
Kc4 Bb8 67. b4 Bc7 68. b5 Bd8 69. Kd5 Ba5 70. Kc6 Kb8 71. Bd6+ Ka8 72. Bc7 Bd2
73. b6 Be3 74. b7+ Ka7 75. b8=Q+ Kxa6 76. Qb7# 1-0

[Event "Tournoi Skype 028A"]
[Site "Skype"]
[Date "????.??.??"]
[Round "7.16"]
[White "Vello, Pablo"]
[Black "Knafo, Michel"]
[Result "1/2-1/2"]
[WhiteElo "1135"]
[BlackElo "1658"]
[PlyCount "39"]

1. d4 Nf6 2. Nc3 d5 3. Bf4 c6 4. Nf3 Bf5 5. e3 e6 6. Bd3 Bg6 7. h3 Bd6 8. Bxd6
Qxd6 9. O-O Nbd7 10. Re1 O-O-O 11. e4 dxe4 12. Nxe4 Nxe4 13. Bxe4 Nf6 14. Bxg6
hxg6 15. c4 Nh5 16. Qd2 Nf4 17. Ne5 Nxh3+ 18. gxh3 Rxh3 19. Kg2 Rh5 20. Rad1
1/2-1/2